[Event "Xtracon Chess Open 2017"]
[Site "Helsingor DEN"]
[Date "2017.07.24"]
[Round "4.187"]
[White "Rasmussen, Henrik"]
[Black "Stage, Mathias Juul"]
[Result "1-0"]
[WhiteElo "1822"]
[BlackElo "1544"]
[WhiteFideId "1437011"]
[BlackFideId "1463306"]
[EventDate "2017.07.22"]

1. e4 g6 2. f4 Bg7 3. Nc3 d6 4. Bc4 Nf6 5. e5 dxe5 6. fxe5 Bg4 7. Nf3 Nfd7 8.
Bxf7+ Kxf7 9. Ng5+ Kg8 10. Qxg4 Nxe5 11. Qe6+ Kf8 12. O-O+ Bf6 13. Qxe5 Ke8 14.
Rxf6 Nd7 15. Qe6 Nxf6 16. Qf7+ Kd7 17. d3 Qe8 18. Qe6+ Kd8 19. Nf7+ Qxf7 20.
Qxf7 Kd7 21. Nd5 Rae8 22. Nxf6+ Kc8 23. Nxe8 Rxe8 24. Qxe8# 1-0

[Event "Xtracon Chess Open 2017"]
[Site "Helsingor DEN"]
[Date "2017.07.24"]
[Round "4.188"]
[White "Joa, Sander"]
[Black "Werner, Jakob"]
[Result "0-1"]
[WhiteElo "1480"]
[BlackElo "1690"]
[WhiteFideId "1523481"]
[BlackFideId "1426850"]
[EventDate "2017.07.22"]

1. e4 d6 2. Bc4 Nf6 3. d3 g6 4. Nc3 Bg7 5. Qe2 O-O 6. Bg5 Nc6 7. O-O-O Nd4 8.
Qd2 c5 9. f3 a6 10. g4 b5 11. Bb3 Bd7 12. Nce2 Nxb3+ 13. cxb3 Be6 14. Nf4 Qc8
15. Nxe6 Qxe6 16. Qc2 Rfc8 17. Kb1 Nd7 18. h4 c4 19. dxc4 bxc4 20. Rc1 Ne5 21.
h5 Nd3 22. Rd1 Nxb2 23. Rd2 Rab8 24. hxg6 Qxg6 25. Bxe7 cxb3 26. Qxc8+ Rxc8 27.
Rxd6 Nd3 28. axb3 Rc1+ 29. Ka2 Ra1# 0-1

[Event "Xtracon Chess Open 2017"]
[Site "Helsingor DEN"]
[Date "2017.07.24"]
[Round "4.189"]
[White "Sidali, Elias Hulleberg"]
[Black "Jacobsen, Caroline Beer"]
[Result "1/2-1/2"]
[WhiteElo "1672"]
[BlackElo "1538"]
[WhiteFideId "1530518"]
[BlackFideId "1510649"]
[EventDate "2017.07.22"]

1. e4 e5 2. Nf3 Nc6 3. Bb5 a6 4. Bxc6 dxc6 5. O-O Bg4 6. d3 Bc5 7. h3 Bxf3 8.
Qxf3 Qf6 9. Nd2 O-O-O 10. Qxf6 Nxf6 11. Nf3 Nd7 12. Bd2 1/2-1/2

[Event "Xtracon Chess Open 2017"]
[Site "Helsingor DEN"]
[Date "2017.07.24"]
[Round "4.190"]
[White "Cuyx, Tomas"]
[Black "Sather, Lars"]
[Result "1-0"]
[WhiteElo "1495"]
[BlackElo "1661"]
[WhiteFideId "244619"]
[BlackFideId "1501712"]
[EventDate "2017.07.22"]

1. d4 Nf6 2. c4 g6 3. Nc3 Bg7 4. e4 O-O 5. Be2 d6 6. f4 e6 7. Nf3 Ne8 8. O-O c6
9. Be3 Qb6 10. Qd2 a6 11. Rad1 Qa5 12. e5 f6 13. Ne4 Qxd2 14. Bxd2 fxe5 15. dxe5
dxe5 16. Nxe5 Bxe5 17. fxe5 Rxf1+ 18. Rxf1 Nd7 19. Bh6 Ng7 20. Nf6+ Kh8 21. Nxd7
Nf5 22. Nb6 1-0

[Event "Xtracon Chess Open 2017"]
[Site "Helsingor DEN"]
[Date "2017.07.24"]
[Round "4.191"]
[White "Tjora, Alexander"]
[Black "Shehzad, Kasher"]
[Result "1/2-1/2"]
[WhiteElo "1434"]
[BlackElo "1650"]
[WhiteFideId "1528203"]
[BlackFideId "1521934"]
[EventDate "2017.07.22"]

1. d4 d5 2. c4 c6 3. cxd5 cxd5 4. Nc3 Nf6 5. Bf4 Nc6 6. e3 e6 7. Nf3 Be7 8. Rc1
a6 9. Be2 Bd7 10. O-O Nh5 11. Be5 Nxe5 12. Nxe5 Nf6 13. Qb3 Rb8 14. Na4 Bxa4 15.
Qxa4+ Nd7 16. Rc3 f6 17. Qxd7+ Qxd7 18. Nxd7 Kxd7 19. Rfc1 Rhc8 20. Bf3 Rxc3 21.
Rxc3 Rc8 22. Rxc8 Kxc8 23. Kf1 Kc7 24. Ke2 Bd6 25. Kd3 f5 26. h3 Bb4 27. g4 g6
28. h4 Kd6 29. h5 e5 30. dxe5+ Kxe5 31. hxg6 hxg6 32. gxf5 gxf5 33. Bg2 Bc5 34.
Kc3 d4+ 35. exd4+ Bxd4+ 36. Kd3 Bxb2 37. Bxb7 a5 38. a4 f4 39. f3 1/2-1/2

[Event "Xtracon Chess Open 2017"]
[Site "Helsingor DEN"]
[Date "2017.07.24"]
[Round "4.192"]
[White "Loveid, Erik"]
[Black "Yilmaz, Kazim"]
[Result "1/2-1/2"]
[WhiteElo "1640"]
[BlackElo "1527"]
[WhiteFideId "1520067"]
[BlackFideId "1514326"]
[EventDate "2017.07.22"]

1. d4 Nf6 2. Bg5 d5 3. Bxf6 exf6 4. Nf3 Bg4 5. e3 c6 6. c4 Bb4+ 7. Nc3 Qa5 8.
Qb3 Bxf3 9. gxf3 Bxc3+ 10. Qxc3 Qxc3+ 11. bxc3 dxc4 12. Bxc4 O-O 13. Kd2 Nd7 14.
Rhg1 b5 15. Bd3 a6 16. Rg2 c5 17. Rag1 g6 18. h4 cxd4 19. cxd4 Nb6 20. h5 Rac8
21. hxg6 fxg6 22. f4 Nc4+ 23. Ke2 f5 24. Rg5 Nd6 25. Kd2 Nc4+ 26. Ke2 Nd6 27.
Kd2 Nc4+ 28. Ke2 Nd6 29. Kd2 Nc4+ 30. Ke2 Nd6 31. Kd2 1/2-1/2

[Event "Xtracon Chess Open 2017"]
[Site "Helsingor DEN"]
[Date "2017.07.24"]
[Round "4.193"]
[White "Aasen, Joakim"]
[Black "Bratteteig, Tore-Inge"]
[Result "1/2-1/2"]
[WhiteElo "1386"]
[BlackElo "1637"]
[WhiteFideId "1539078"]
[BlackFideId "1510711"]
[EventDate "2017.07.22"]

1. e4 e6 2. d4 d5 3. Nd2 dxe4 4. Nxe4 Nd7 5. Nf3 Ngf6 6. Nxf6+ Nxf6 7. Bd3 c5 8.
O-O cxd4 9. Nxd4 a6 10. Re1 Be7 11. c3 O-O 12. Qc2 h6 13. Be3 Qc7 14. h3 b6 15.
Rad1 Bb7 16. Be2 Bc5 17. Bf3 Rfd8 18. Bxb7 Qxb7 19. Qb3 Qd5 20. Qxd5 Nxd5 21.
Nc6 Re8 22. Bxc5 bxc5 23. Ne5 Rab8 24. Rd2 Rb7 25. Nc4 Reb8 26. Kh2 a5 27. Ree2
Nf4 28. Re4 Nd5 29. Ree2 Nf4 30. Re3 Nd5 31. Ree2 1/2-1/2

[Event "Xtracon Chess Open 2017"]
[Site "Helsingor DEN"]
[Date "2017.07.24"]
[Round "4.194"]
[White "Lenaerts, Robbe"]
[Black "Fuglestein, Sander"]
[Result "1-0"]
[WhiteElo "1386"]
[BlackElo "1626"]
[WhiteFideId "236853"]
[BlackFideId "1536680"]
[EventDate "2017.07.22"]

1. d4 Nf6 2. Nf3 e6 3. e3 d5 4. Bd3 c5 5. b3 Nc6 6. a3 Be7 7. O-O O-O 8. Bb2 a6
9. Nbd2 b5 10. c4 bxc4 11. bxc4 Rb8 12. Bc3 dxc4 13. Nxc4 cxd4 14. exd4 Nd5 15.
Bd2 Bf6 16. Nce5 Nxd4 17. Nxd4 Bxe5 18. Qh5 f5 19. Nc6 Qd6 20. Nxb8 Bxa1 21.
Nxa6 Qxa3 22. Bb4 Qxd3 23. Rxa1 Nf6 24. Qf3 Bxa6 25. Bxf8 Bc4 26. Qa8 Bd5 27.
Qa3 Qe4 28. f3 Qc4 29. Bc5 Nd7 30. Bf2 h6 31. Rc1 Qb5 32. Qa1 e5 33. Qb1 Qxb1
34. Rxb1 Nf6 35. Rb5 e4 36. Bh4 g5 37. fxe4 fxe4 38. Bf2 Kf7 39. Bd4 Be6 40.
Bxf6 Kxf6 41. Kf2 Bc4 42. Rc5 Bd3 43. Ke3 Kg6 44. g4 Kf6 45. Rc6+ Kg7 46. Re6
Bc2 47. Re5 Bd3 48. Kd4 Bc2 49. Kd5 Bd3 50. Ke6 Bc2 51. Kf5 Bd3 52. Re7+ Kf8 53.
Kf6 Bc2 54. Rc7 Ba4 55. Rc4 Bd7 56. Rxe4 1-0

[Event "Xtracon Chess Open 2017"]
[Site "Helsingor DEN"]
[Date "2017.07.24"]
[Round "4.195"]
[White "Hestholm, Gustav"]
[Black "Hansen, Anders2"]
[Result "1/2-1/2"]
[WhiteElo "1379"]
[BlackElo "1624"]
[WhiteFideId "1529153"]
[BlackFideId "1711237"]
[EventDate "2017.07.22"]

1. e4 c5 2. c3 Nc6 3. d4 cxd4 4. cxd4 e6 5. Nf3 Qc7 6. Nc3 a6 7. Bc4 b5 8. Bb3
Bb7 9. O-O h5 10. d5 Ne5 11. Bf4 Bd6 12. Bxe5 Bxe5 13. Nxe5 Qxe5 14. f4 Qc7 15.
Qd4 Kf8 16. Rac1 Qb8 17. e5 Ne7 18. Qc5 Qa7 19. Qxa7 Rxa7 20. dxe6 fxe6 21. Rfd1
Bc6 22. Ne2 Ra8 23. Nd4 Bd5 24. Rc7 Ke8 25. Rdc1 Kd8 26. g3 Nc6 27. Bxd5 Kxc7
28. Nxe6+ Kb6 29. Nxg7 1/2-1/2

[Event "Xtracon Chess Open 2017"]
[Site "Helsingor DEN"]
[Date "2017.07.24"]
[Round "4.196"]
[White "Matsumura, Cocoro"]
[Black "Aasen, Fredrik"]
[Result "1/2-1/2"]
[WhiteElo "1621"]
[BlackElo "1430"]
[WhiteFideId "36087114"]
[BlackFideId "1539060"]
[EventDate "2017.07.22"]

1. e4 e6 2. d4 d5 3. exd5 exd5 4. c4 Bb4+ 5. Nc3 Nf6 6. Bg5 c6 7. Nf3 O-O 8. Be2
dxc4 9. O-O Bg4 10. a3 Bxc3 11. bxc3 Bxf3 12. Bxf3 Nbd7 13. Qd2 Qc7 14. Qe2 Qa5
15. Bxf6 Nxf6 16. Qxc4 Rfe8 17. Qb3 Re7 18. Rfe1 Rae8 19. Rxe7 Rxe7 20. Qb4 Qc7
21. g3 Nd5 22. Bxd5 cxd5 23. Qb3 Qc6 1/2-1/2

[Event "Xtracon Chess Open 2017"]
[Site "Helsingor DEN"]
[Date "2017.07.24"]
[Round "4.197"]
[White "Damm-Frydenberg, Anders"]
[Black "Hestholm, Freddy"]
[Result "1-0"]
[WhiteElo "1614"]
[BlackElo "1249"]
[WhiteFideId "1462970"]
[BlackFideId "1529951"]
[EventDate "2017.07.22"]

1. e4 d5 2. exd5 Nf6 3. Bb5+ Nbd7 4. d4 a6 5. Be2 Nxd5 6. Nf3 Nf4 7. Bxf4 e6 8.
O-O b5 9. Ne5 Bb7 10. Bf3 Bd5 11. Bxd5 exd5 12. Re1 Be7 13. Nc6 Qc8 14. Nxe7 Qb7
15. Ng6+ Kd8 16. Nxh8 Nf6 17. Nxf7+ Kd7 18. Nd2 Qb6 19. Nb3 Ne4 20. Ne5+ Kc8 21.
Qg4+ Kb7 22. Nd7 Qg6 23. Qxg6 hxg6 24. Nbc5+ Nxc5 25. Nxc5+ Kb6 26. Re6+ c6 27.
Re7 b4 28. Rb7+ Ka5 29. Bc7# 1-0

[Event "Xtracon Chess Open 2017"]
[Site "Helsingor DEN"]
[Date "2017.07.24"]
[Round "4.198"]
[White "Nilssen, Steinar"]
[Black "Hjornevik, Oyvind"]
[Result "1-0"]
[WhiteElo "1608"]
[BlackElo "1365"]
[WhiteFideId "1525620"]
[BlackFideId "1516159"]
[EventDate "2017.07.22"]

1. d4 e6 2. Bf4 d5 3. e3 Nf6 4. Nd2 a6 5. Ngf3 Nc6 6. c3 Bd6 7. Bg3 O-O 8. Bd3
Bd7 9. Ne5 Be7 10. Qe2 Ne8 11. Ndf3 f6 12. Nxd7 Qxd7 13. e4 dxe4 14. Qxe4 f5 15.
Qe2 Bd6 16. Bc4 Nd8 17. O-O-O Nf6 18. Ng5 Re8 19. Rde1 b5 20. Bb3 Kh8 21. Nxe6
Nxe6 22. Bxe6 Qe7 23. f3 Bxg3 24. hxg3 Qd6 25. Qe5 Qxe5 26. Rxe5 g6 27. Bf7 Rxe5
28. dxe5 Kg7 29. exf6+ Kxf7 30. Rxh7+ Kxf6 31. Rxc7 Kg5 32. Rd7 Re8 33. Kd2 Re6
34. Rd5 Re8 35. g4 Kf4 36. gxf5 gxf5 37. Rd6 Ra8 38. Ke2 Rg8 39. Kf2 Ra8 40.
Rd4+ Kg5 41. Rd6 a5 42. Rb6 b4 43. c4 Rc8 44. b3 Rc5 45. Rb5 Rc8 46. Rxa5 Rd8
47. Rd5 Rxd5 48. cxd5 Kf6 49. Ke3 Ke5 50. d6 Kxd6 51. g4 fxg4 52. fxg4 Ke5 53.
g5 1-0

[Event "Xtracon Chess Open 2017"]
[Site "Helsingor DEN"]
[Date "2017.07.24"]
[Round "4.199"]
[White "Johansen, Paul Ivar"]
[Black "Sundin, Sven-Ingvar"]
[Result "0-1"]
[WhiteElo "1301"]
[BlackElo "1607"]
[WhiteFideId "1508024"]
[BlackFideId "1724517"]
[EventDate "2017.07.22"]

1. Nf3 Nc6 2. d4 d5 3. h3 Nf6 4. Bf4 Bf5 5. e3 a6 6. Bd3 Bxd3 7. cxd3 e6 8. a3
Bd6 9. Ne5 Nd7 10. Nxc6 bxc6 11. Bxd6 cxd6 12. O-O O-O 13. b4 a5 14. Nd2 Qb6 15.
Qa4 Rfb8 16. Rfb1 axb4 17. Qd1 c5 18. e4 cxd4 19. exd5 exd5 20. Rxb4 Qc5 21.
Rxb8+ Rxb8 22. a4 Ne5 23. Rc1 Qa3 24. Rb1 Ra8 25. Rb5 g6 26. Rxd5 Rxa4 27. Nb3
Kg7 28. Nxd4 Qa1 29. Qxa1 Rxa1+ 30. Kh2 Nxd3 31. Nc2 Ra2 32. Rxd3 Rxc2 33. f3
Rc6 34. Rd5 Kf6 35. f4 Ke6 36. Rd4 d5 37. Kg3 Rc4 38. Rd2 d4 39. Ra2 d3 40. Ra6+
Kd7 41. Ra7+ Kd6 42. Ra3 Rd4 43. Ra6+ Kc5 44. Kf3 d2 45. Ra5+ Kb4 0-1

[Event "Xtracon Chess Open 2017"]
[Site "Helsingor DEN"]
[Date "2017.07.24"]
[Round "4.201"]
[White "Alisaari, Vellu"]
[Black "Kistrup, Nicolai"]
[Result "0-1"]
[WhiteElo "1286"]
[BlackElo "2177"]
[WhiteFideId "509701"]
[BlackFideId "1444816"]
[EventDate "2017.07.22"]

1. c4 c5 2. Nc3 Nc6 3. g3 g6 4. Bg2 Bg7 5. a3 e6 6. e3 Nge7 7. Nge2 d5 8. d3
dxc4 9. dxc4 Qxd1+ 10. Nxd1 Ne5 11. O-O Nxc4 12. Rb1 O-O 13. b3 Ne5 14. Nb2 Bd7
15. a4 Bc6 16. Nc4 Nxc4 17. bxc4 b6 18. Bxc6 Nxc6 19. Bb2 Rfd8 20. Bxg7 Kxg7 21.
Rfd1 Na5 22. Rdc1 Rd2 23. Nf4 Rad8 24. Kg2 Ra2 25. Rd1 Rdd2 26. Rxd2 Rxd2 27.
Rc1 Kf6 28. Kf3 Ra2 29. h4 Rxa4 30. g4 Nxc4 31. g5+ Ke7 32. h5 Ne5+ 33. Ke2 Rb4
34. hxg6 hxg6 35. Rc2 a5 0-1

[Event "Xtracon Chess Open 2017"]
[Site "Helsingor DEN"]
[Date "2017.07.24"]
[Round "4.202"]
[White "Kvamme, Thomas Jordre"]
[Black "Jansson, Helge"]
[Result "0-1"]
[WhiteElo "1327"]
[BlackElo "1627"]
[WhiteFideId "1523368"]
[BlackFideId "1523198"]
[EventDate "2017.07.22"]

1. d4 d5 2. Nf3 Nf6 3. Bf4 e6 4. e3 c5 5. c3 Nc6 6. Nbd2 cxd4 7. exd4 Be7 8. Bd3
O-O 9. Ne5 Nxe5 10. dxe5 Nd7 11. Qh5 f5 12. exf6 Nxf6 13. Qh3 e5 14. Qg3 exf4
15. Qxf4 Ne4 16. Qe5 Nxf2 17. O-O Nxd3 18. Rxf8+ Bxf8 19. Qh5 Qb6+ 20. Kh1 Nf2+
21. Kg1 Nh3+ 22. Kh1 Qg1+ 23. Rxg1 Nf2# 0-1

[Event "Xtracon Chess Open 2017"]
[Site "Helsingor DEN"]
[Date "2017.07.24"]
[Round "4.203"]
[White "Christensen, John Christopher Hojstrup"]
[Black "Wahlgreen, Noah"]
[Result "1-0"]
[WhiteElo "1603"]
[BlackElo "1315"]
[WhiteFideId "1453947"]
[BlackFideId "1457349"]
[EventDate "2017.07.22"]

1. e4 c5 2. Nf3 Nc6 3. d4 cxd4 4. Nxd4 Nxd4 5. Qxd4 e6 6. c4 Qc7 7. Be3 e5 8.
Qd3 Nf6 9. Nc3 Bb4 10. Rc1 O-O 11. Be2 b6 12. O-O Bb7 13. Nd5 Nxd5 14. cxd5 Qd6
15. f4 f6 16. f5 Rac8 17. Kh1 Bc5 18. Bxc5 Rxc5 19. Qa3 a5 20. Rc3 Rfc8 21. Rff3
Qf8 22. Kg1 Rxc3 23. Qxf8+ Kxf8 24. Rxc3 Rxc3 25. bxc3 Ke7 26. a4 Kd6 27. Bb5
Bc8 28. Kf2 Kc5 29. g4 Kd6 30. Kg3 Ke7 31. Kh4 Kf7 32. d6 Bb7 33. Bxd7 Bxe4 34.
Be6+ Kf8 35. Bd7 Bc2 36. Kg3 Kf7 37. h4 g6 38. Be6+ Kf8 39. g5 fxg5 40. d7 gxh4+
41. Kxh4 Ke7 42. f6+ Kxe6 43. d8=Q Bb3 44. Qe7+ Kf5 45. f7 Bxf7 46. Qxf7+ Ke4
47. Qxh7 Kd5 48. Qxg6 Kc5 49. Qe6 b5 50. Qxe5+ Kb6 51. Qxb5+ Ka7 52. c4 Ka8 53.
c5 Ka7 54. c6 Ka8 55. Qb7# 1-0

[Event "Xtracon Chess Open 2017"]
[Site "Helsingor DEN"]
[Date "2017.07.24"]
[Round "4.204"]
[White "Gade, Jens"]
[Black "Cort Maleeva Hansen, Andreas Philip"]
[Result "0-1"]
[WhiteElo "1523"]
[BlackElo "1308"]
[WhiteFideId "1416111"]
[BlackFideId "1462636"]
[EventDate "2017.07.22"]

1. e4 e6 2. d4 d5 3. e5 c5 4. c3 Nc6 5. Nf3 g6 6. Be2 Bg7 7. O-O Nge7 8. Nbd2
O-O 9. Nb3 cxd4 10. cxd4 b6 11. Bg5 Bb7 12. Qc2 Qc7 13. Bb5 Rac8 14. Rfc1 Rfe8
15. a4 a6 16. Bd3 Qd7 17. Qd2 Nf5 18. Bxf5 exf5 19. a5 bxa5 20. Nc5 Qc7 21. Qe2
Ra8 22. Qd2 Rab8 23. Qc3 Rec8 24. Qe3 Re8 25. Bf4 Qe7 26. h3 Bc8 27. Rab1 Qd8
28. Nxa6 Bxa6 29. Rxc6 Bc4 30. Rd6 Qc8 31. Bh6 Rd8 32. Bxg7 Kxg7 33. Rf6 Qc7 34.
Ng5 Rd7 35. Qg3 h6 36. Nf3 Bd3 37. Rd1 Be4 38. Nh4 Rb6 39. f3 Bc2 40. Nxf5+ Bxf5
41. Rxf5 Qc2 0-1

[Event "Xtracon Chess Open 2017"]
[Site "Helsingor DEN"]
[Date "2017.07.24"]
[Round "4.205"]
[White "Jensen, Jonbert M. S."]
[Black "Hinrichs, Kurt"]
[Result "1-0"]
[WhiteElo "1515"]
[BlackElo "1277"]
[WhiteFideId "1435914"]
[BlackFideId "12994057"]
[EventDate "2017.07.22"]

1. d4 d5 2. Nf3 e6 3. c4 c5 4. cxd5 exd5 5. e3 Nc6 6. Be2 Nf6 7. Nc3 Bf5 8. O-O
cxd4 9. Nxd4 Bg6 10. Bf3 Be7 11. Qb3 Na5 12. Qb5+ Nc6 13. Nxc6 bxc6 14. Qxc6+
Kf8 15. Nxd5 Rc8 16. Qb7 Nxd5 17. Qxd5 Qe8 18. e4 f6 19. Bf4 Bf7 20. Qa5 g5 21.
Be3 a6 22. a3 Bd8 23. Qd2 Bb3 24. Rfc1 Rb8 25. Rc3 Ba5 26. Qd6+ Kg7 27. Rc6 Rf8
28. Rxa6 Bd8 29. Qxb8 1-0

[Event "Xtracon Chess Open 2017"]
[Site "Helsingor DEN"]
[Date "2017.07.24"]
[Round "4.206"]
[White "Morling, Aase"]
[Black "Jacobsen, Harald Kittel Lytomt"]
[Result "1-0"]
[WhiteElo "1512"]
[BlackElo "1242"]
[WhiteFideId "1440993"]
[BlackFideId "1533460"]
[EventDate "2017.07.22"]

1. e4 c5 2. c3 e5 3. Nf3 Nc6 4. Bb5 d6 5. O-O Nf6 6. Re1 Be7 7. d4 cxd4 8. cxd4
exd4 9. Nxd4 O-O 10. Bxc6 bxc6 11. Nxc6 Qd7 12. Nxe7+ Qxe7 13. Nc3 Bb7 14. Nd5
Nxd5 15. exd5 Qf6 16. Qb3 Rfe8 17. Bd2 Rab8 18. Rxe8+ Rxe8 19. Qxb7 Qd4 20. Bc3
Qe4 21. Qd7 h5 22. Qxd6 h4 23. Qb4 Qxd5 24. Qxh4 Rd8 25. Qg4 g6 26. Qf3 Qd6 27.
h3 Rb8 28. Qe3 a5 29. Qd4 Qf8 30. Qh8# 1-0

[Event "Xtracon Chess Open 2017"]
[Site "Helsingor DEN"]
[Date "2017.07.24"]
[Round "4.207"]
[White "Erikstad, Anders"]
[Black "Jensen, Hans Askov"]
[Result "0-1"]
[WhiteElo "1166"]
[BlackElo "1481"]
[WhiteFideId "1530445"]
[BlackFideId "1419889"]
[EventDate "2017.07.22"]

1. d4 Nf6 2. c4 d5 3. Nf3 g6 4. Nc3 Bg7 5. Bg5 O-O 6. Bxf6 Bxf6 7. Nxd5 Bg7 8.
e3 c5 9. Be2 cxd4 10. Nxd4 Nc6 11. Nxc6 bxc6 12. Nc3 Qa5 13. Qc2 Bf5 14. Bd3
Bxd3 15. Qxd3 Rfd8 16. Qc2 Rab8 17. Rd1 Rxd1+ 18. Kxd1 Qb4 19. Kc1 Qxc4 20. Na4
Qxa2 21. Rd1 Qa1+ 22. Kd2 Rd8+ 23. Ke2 Rxd1 24. Qxd1 Qxd1+ 25. Kxd1 f5 26. b3 e5
27. f3 Kf7 28. e4 Bf8 29. exf5 gxf5 30. Kd2 Ke6 31. Kc3 e4 32. Kd4 c5+ 33. Nxc5+
Bxc5+ 34. Kxc5 e3 35. b4 e2 36. Kb5 e1=Q 37. f4 Qe2+ 38. Ka5 a6 39. Kb6 Qb5+ 40.
Ka7 Kd7 41. g4 Kc7 0-1

[Event "Xtracon Chess Open 2017"]
[Site "Helsingor DEN"]
[Date "2017.07.24"]
[Round "4.208"]
[White "Huse, Lars Paul"]
[Black "Hein, Jacob"]
[Result "0-1"]
[WhiteElo "1163"]
[BlackElo "1479"]
[WhiteFideId "1526537"]
[BlackFideId "1402870"]
[EventDate "2017.07.22"]

1. e4 c6 2. Nf3 g6 3. Bc4 e6 4. a3 b5 5. Ba2 Nf6 6. d3 Bg7 7. O-O O-O 8. Nc3 Bb7
9. Be3 Ng4 10. Bd2 Na6 11. h3 Nh6 12. Qc1 b4 13. Ne2 bxa3 14. Bc3 Bxc3 15. bxc3
Kg7 16. Qxa3 Ng8 17. Rab1 Bc8 18. Bc4 Nc7 19. Ba2 Re8 20. c4 Qf6 21. Nd2 d5 22.
cxd5 exd5 23. f3 Bxh3 24. gxh3 Qg5+ 25. Kf2 Qxd2 26. Qc3+ Qxc3 27. Nxc3 dxe4 28.
fxe4 Ne6 29. Ke3 Nh6 30. Bb3 Ng5 31. Rh1 Ne6 32. Rbf1 Nc5 33. Ba2 a5 34. h4 Ra7
35. h5 Nf5+ 36. Kf3 Nd4+ 37. Kg4 Nxc2 38. hxg6 hxg6 39. Rf2 Nb4 40. Bc4 Ncxd3
41. Rd2 Ne5+ 42. Kf4 Nxc4 43. Rd4 Ne5 44. Rd2 Nbd3+ 45. Kg3 a4 46. Rdh2 a3 47.
Rh7+ Kf6 48. Rf1+ Ke6 49. Rh2 Rb8 50. Ra1 Rb3 51. Nb1 Nb4+ 52. Nc3 Rxc3+ 0-1

[Event "Xtracon Chess Open 2017"]
[Site "Helsingor DEN"]
[Date "2017.07.24"]
[Round "4.209"]
[White "Christoffersen, Micki Aron"]
[Black "Jacobsen, Stig Jerlow"]
[Result "0-1"]
[WhiteElo "1444"]
[BlackElo "1209"]
[WhiteFideId "1454021"]
[BlackFideId "1519816"]
[EventDate "2017.07.22"]

1. e4 d5 2. e5 d4 3. Nf3 Nc6 4. Bc4 Bg4 5. Bxf7+ Kxf7 6. Ng5+ Ke8 7. Qxg4 Nh6 8.
Qe4 Qd7 9. d3 Qf5 10. Qxf5 Nxf5 11. Bf4 h6 12. Ne6 g5 13. Bd2 Kd7 14. Nc5+ Kc8
15. e6 b6 16. Nd7 Bg7 17. O-O Nd8 18. Re1 Nxe6 19. Nxb6+ axb6 20. Rxe6 Kd7 21.
Re1 Raf8 22. c3 Bf6 23. c4 h5 24. b4 g4 25. Bf4 h4 26. g3 hxg3 27. fxg3 Ne3 28.
Na3 e5 29. Bxe3 dxe3 30. Rxe3 e4 31. Rb1 Bd4 32. Re1 exd3 33. Kg2 Bxe3 34. Rxe3
Rf3 35. Re4 Rg8 36. h3 Rgf8 37. hxg4 Rf2+ 38. Kh3 Rh8# 0-1

[Event "Xtracon Chess Open 2017"]
[Site "Helsingor DEN"]
[Date "2017.07.24"]
[Round "4.210"]
[White "Bredeli, Havard Iversen"]
[Black "Jensen, Johannes Frank"]
[Result "1/2-1/2"]
[WhiteElo "1443"]
[BlackElo "1170"]
[WhiteFideId "1514440"]
[BlackFideId "1457942"]
[EventDate "2017.07.22"]

1. d4 d5 2. c4 Nf6 3. Nf3 Nc6 4. cxd5 Nxd5 5. e4 Nb6 6. Bb5 Bd7 7. Nc3 e6 8.
Bxc6 Bxc6 9. Ne5 Bb4 10. Nxc6 Bxc3+ 11. bxc3 bxc6 12. Ba3 Nc4 13. Qa4 Nxa3 14.
Qxa3 Qd6 15. Qb3 O-O 16. Rb1 h6 17. Qc2 c5 18. Rd1 cxd4 19. cxd4 Qb4+ 20. Rd2
Rab8 21. O-O Rfd8 22. Rfd1 e5 23. d5 Rb7 24. h3 Rb5 25. Qxc7 Rdb8 26. d6 R5b7
27. Qc6 Qb5 28. Qxb5 Rxb5 29. d7 Rd8 30. Rc1 Rbb8 31. Rc7 Kf8 32. Rxa7 Ke7 33.
a4 Ra8 34. Rxa8 Rxa8 35. Kf1 Kd8 36. Rd5 Rxa4 37. Rxe5 Kxd7 38. f3 f6 39. Rb5
Ra1+ 40. Kf2 Ra2+ 41. Kg3 Ke7 42. Rb7+ Kf8 43. Rb5 Kf7 44. h4 Kg6 45. Rb6 Ra5
46. Kf4 h5 47. g4 hxg4 48. Kxg4 Rc5 49. f4 Kh7 50. f5 1/2-1/2

[Event "Xtracon Chess Open 2017"]
[Site "Helsingor DEN"]
[Date "2017.07.24"]
[Round "4.211"]
[White "Schjolin, John"]
[Black "Leonhardsen, Vebjorn Maanum"]
[Result "0-1"]
[WhiteElo "1145"]
[BlackElo "1443"]
[WhiteFideId "1439413"]
[BlackFideId "1539515"]
[EventDate "2017.07.22"]

1. c4 c6 2. e4 d5 3. exd5 cxd5 4. d4 Nf6 5. Nc3 e6 6. Nf3 Be7 7. h3 h6 8. a3 O-O
9. Bd3 Nc6 10. Bf4 Bd6 11. Bh2 Bxh2 12. Nxh2 dxc4 13. Bxc4 Qxd4 14. Qxd4 Nxd4
15. Bd3 b6 16. Rd1 Bb7 17. f3 Rfd8 18. O-O Nc6 19. Rfe1 Kf8 20. Kf2 Rd7 21. Be2
Rad8 22. Rxd7 Rxd7 23. Rd1 Ke7 24. Rxd7+ Kxd7 25. Ke3 Ne7 26. Bc4 Nf5+ 27. Kf4
Nh5+ 28. Kg4 Ne3+ 29. Kxh5 Nxc4 30. Nd1 Bc6 31. Nf1 Ba4 32. Nfe3 Nxe3 33. Nxe3
Bb3 34. f4 Kd6 35. h4 Kc5 36. Nf1 Kd4 37. Nh2 Kd3 38. Kg4 Bd1+ 39. Kg3 Kc2 40.
b4 Kb3 41. Nf1 Kxa3 42. Ne3 Bb3 43. Kf2 Kxb4 44. Ke2 Kc3 45. Nd1+ Bxd1+ 46. Kxd1
Kb2 47. Kd2 a5 0-1

[Event "Xtracon Chess Open 2017"]
[Site "Helsingor DEN"]
[Date "2017.07.24"]
[Round "4.212"]
[White "Jacobsen, Jerlow Lytomt"]
[Black "Cort Maleeva Hansen, Daniel Alexander"]
[Result "1-0"]
[WhiteElo "1415"]
[BlackElo "1166"]
[WhiteFideId "1521390"]
[BlackFideId "1462644"]
[EventDate "2017.07.22"]

1. e4 e5 2. Nf3 Nc6 3. Nc3 Nf6 4. d4 exd4 5. Nxd4 Bb4 6. f3 O-O 7. Bc4 Ne5 8.
Bb3 d5 9. O-O Bxc3 10. bxc3 dxe4 11. fxe4 Nxe4 12. Qe1 c5 13. Qxe4 cxd4 14. Qxe5
Qd7 15. cxd4 Kh8 16. Qc5 Qe8 17. Ba3 Bd7 18. Qc7 Qe3+ 19. Kh1 Rfd8 20. Qxb7 h6
21. Rfe1 Qxd4 22. Rad1 Rab8 23. Qxb8 Rxb8 24. Rxd4 Rb7 25. Re7 Rb8 26. Rdxd7 Rb6
27. Rxf7 Rg6 28. c3 Kh7 29. Bc2 Kh8 30. Bxg6 a5 31. Rf8# 1-0